00485nam a2200169Ia 4500003000400000005001700004008004100021020002200062040000700084041000800091082002300099100002100122245009000143260002700233650001500260650004000275OSt20230411095855.0210423s2008 xx 000 0 und d a978-0-230-55366-8 cAL aeng a658.049 223bMORJ aMORRISON (Janet) aInternational business environmentbGlobal and local marketplaces in a changing world aLondonbPalgravec2008 aManagement aManagement & Auxiliary Services 650